000 00684nam a2200217Ia 4500
001 9010
003 GE_BSU
008 181216s||||||||xx |||||||||||||| ||und||
040 _cGE_BSU
080 _a821.353.1–32
100 _aკლდიაშვილი,სერგო
245 _aთხზულებანი ორ ტომად. ტ.1
245 _bტ.1
245 _cრედ.ნ.ჟღენტი.მხატვ.ზ.ხარაბაძე
260 _aთბილისი
260 _bსაბჭოთა საქართველო
260 _c1966
300 _a518გვ.22სმ.
653 _aთხზულებანი
942 _cBK
999 _c42315
_d42315